MDQL
is popping MORE tags! Check the
thread
!
Quizzes
Events
Quiz Creation
Community
Videos
Private Events
Remove Ads
Sign In
Join for FREE
Feedback
Dark Mode
Quiz Categories
Sports
Geography
Music
Movies
Television
Just For Fun
Miscellaneous
History
Literature
Language
Science
Gaming
Entertainment
Religion
Holiday
For Kids
Quiz Lab
Recent
Popular Today
Quiz Kudos Today
Editor Picks
Curator Picks
Quizzes by...
Day
Popularity
Type
Ratings
Length
Year
Community
Subscriptions
Recent Discussions
Orange Saloon
Badges
Playlists
Quests
Create
Leaderboards
Showdown
Live 5
Trivia Bingo
Activity
Puzzle Library
Sporcle Events
Private Events
Virtual Trivia
Globe League
Become a Host
Pub Owners
SporcleCon
Opinionation
Our Games
Videos
Blog
Mobile Apps
Partnerships
Remove Ads and Go Orange
Feedback
History
US Presidents
World Leaders
Politics
Nation
Discovery
War
Decade
Year
Century
Biography
Art
History
US Presidents
World Leaders
Politics
Nation
Discovery
War
Decade
Year
Century
Biography
Art
Random Quiz
Search Sporcle
×
Quiz Lab
Quiz Lab
History
Baby Names
Type in answers that appear in a list
Type in answers that appear in a list
Classic
Best Score? Go Orange.
Children of French Monarchs Stats
Can you name the Children of French Monarchs
By
HopeRebron
10m
209 Questions
3,350 Plays
3,350 Plays
3,350 Plays
Comments
Comments
Give Quiz Kudos
Give Quiz Kudos
-
- Ratings
hide this ad
More Info
Replay
Link that replays current quiz
Next Quiz
Link to next quiz in quiz playlist
You Got
0%
They Got
Avg Score
86%
Avg Friend Score
Upgrade to see
Score Distribution
Jump to the score distribution portion of the page
Score
0/209
Timer
10:00
0
Plays Today
Hint
Answer
% Correct
Louis XI and Charlotte of Savoy
Louis
99.2%
Philip I and Bertha of Holland
Louis VI, King of France
99%
Louis VI and Adelaide de Maurinne
Louis VIII, King of France
99%
Philip II and Isabella of Hainalt
Louis VIII, King of France
99%
Louis VIII and Blanche of Castile
Louis IX, King of France
99%
Louis IX of France and Margaret of Provence
Louis
99%
Philip III and Isabella of Aragon
Louis
99%
Philip III and Marie of Brabant
Louis, Count of Évreux
99%
Philip IV and Joan of Navarre
Louis X, King of France
99%
Charles IV and Marie of Luexmborg
Louis
99%
Philip VI and Joan of Burgundy
Louis
99%
Philip VI and Joan of Burgundy
Louis
99%
John II and Bonne of Luxemourg
Louis I, Duke of Anjo
99%
Charles V and Joanna of Bourbon
Louis, Duke of Orléans
99%
Charles VI and Isabeau of Bavaria
Louis, Dauphin of France
99%
Charles VII and Marie of Anjou
Louis XVI, King of France
99%
Louis XI and Charlotte of Savoy
Louis
99%
Henry II and Catherine de'Medici
Louis, Duke of Orléans
99%
Henry IV and Marie de'Medici
Louis XIII, King of France
99%
Louis XIII and Anne of Austria
Louis XIV, King of France
99%
Louis XIV of France and Maria Theresa of Spain
Louis, Grand Dauphin
99%
Louis XIV of France and Maria Theresa of Spain
Louis Francois, Duke of Anjou
99%
Louis XV and Marie Leszczyńska
Louis, Dauphin of France
99%
Louis XVI and Marie Antoinette
Louis Joseph, Dauphin of France
99%
Louis XVI and Marie Antoinette
Louis XVII, King of France
99%
Charles X and Marie Therese of Savoy
Louis Antoine, Duke of Angoulême
99%
Louis XV and Marie Leszczyńska
Marie Adelaide, Duchess of Louvois
98.3%
Charles IV and Marie of Luexmborg
Marie
98.2%
Louis XV and Marie Leszczyńska
Louise Marie
98.2%
Louis XV and Marie Leszczyńska
Marie Louise
98.1%
Henry I and Anne of Kiev
Philip I, King of France
97.8%
Philip I and Betrade de Monlfort
Philip, Count of Mantes
97.8%
Louis VI and Adelaide de Maurinne
Philip, Co-King of France
97.8%
Louis VI and Adelaide de Maurinne
Philip
97.8%
Louis VII and Adele of Champagne
Philip II, King of France
97.8%
Philip II and Isabella of Hainalt
Philip
97.8%
Philip II and Agnes of Merania
Philip, Count of Boulogne
97.8%
Louis VIII and Blanche of Castile
Philip
97.8%
Louis VIII and Blanche of Castile
Philip
97.8%
Louis VIII and Blanche of Castile
Philip Dagobert
97.8%
Louis IX of France and Margaret of Provence
Philip III, King of France
97.8%
Philip III and Isabella of Aragon
Philip IV, King of France
97.8%
Philip IV and Joan of Navarre
Philip V, King of France
97.8%
Philip V and Joan II, Countess of Burgundy
Philip
97.8%
Charles IV and Blanche of Burgundy
Philip
97.8%
Philip VI and Joan of Burgundy
Philip
97.8%
Philip VI and Joan of Burgundy
Philip, Duke of Orléans
97.8%
John II and Bonne of Luxemourg
Philip II, Duke of Burgundy
97.8%
Charles VI and Isabeau of Bavaria
Philip
97.8%
Charles VII and Marie of Anjou
Philip
97.8%
Charles V and Joanna of Bourbon
Marie
97.8%
Robert II and Constance of Arles
Henry I, King of France
97.6%
Philip I and Bertha of Holland
Henry
97.6%
Louis VI and Adelaide de Maurinne
Henry
97.6%
Francis I and Claude of France
Henry II, King of France
97.6%
Henry II and Catherine de'Medici
Henry III, King of France, King of Poland
97.6%
Louis XV and Marie Leszczyńska
Marie Therese
97.5%
Louis XI and Charlotte of Savoy
Joan, Queen of France
97.4%
Louis XVI and Marie Antoinette
Marie-Thérèse, Duchess of Angoulême
97.1%
Charles X and Marie Therese of Savoy
Marie Therese, Mademoiselle d'Angoulême
97.1%
Louis VII and Eleanor of Aquitaine
Marie, Countess of Champagne
97.1%
Philip II and Agnes of Merania
Marie, Margravine of Namur, Duchess of Brabant
97.1%
Charles IV and Jeanne d'Ev
Marie
97.1%
Philip VI and Joan of Burgundy
Marie, Duchess of Brabant
97.1%
John II and Bonne of Luxemourg
Marie, Duchess of Bar
97.1%
Charles VI and Isabeau of Bavaria
Marie
97.1%
Charles VII and Marie of Anjou
Marie
97.1%
Louis XIV of France and Maria Theresa of Spain
Marie Anne
97.1%
Louis XIV of France and Maria Theresa of Spain
Marie Thérèse, Madame Royal
97.1%
Louis VIII and Blanche of Castile
Charles, Count of Anjo and Maine, Count of Provence and Forcalquier
97%
Hint
Answer
% Correct
Philip III and Isabella of Aragon
Charles, Count of Valois
97%
Philip IV and Joan of Navarre
Charles IV, King of France
97%
Charles V and Joanna of Bourbon
Charles V, King of France
97%
Charles VI and Isabeau of Bavaria
Charles, Dauphin of France
97%
Charles VI and Isabeau of Bavaria
Charles, Dauphin of France
97%
Charles VI and Isabeau of Bavaria
Charles VII, King of France
97%
Charles VII and Marie of Anjou
Charles
97%
Louis XI and Charlotte of Savoy
Charles VIII, King of France
97%
Charles VIII and Anne, Duchess of Brittany
Charles-Orland, Dauphin of France
97%
Charles VIII and Anne, Duchess of Brittany
Charles, Dauphin of France
97%
Francis I and Claude of France
Charles, Duke of Orléans
97%
Henry II and Catherine de'Medici
Charles IX, King of France
97%
Charles X and Marie Therese of Savoy
Charles Ferdinand, Duke of Berry
97%
John II and Bonne of Luxemourg
Charles V, King of France
96.9%
Louis XI and Charlotte of Savoy
Anne, Duchess of Bourbon
96.8%
Louis XV and Marie Leszczyńska
Anne Henriette
96.7%
Charles VI and Isabeau of Bavaria
Jeanne
96.5%
Charles VIII and Anne, Duchess of Brittany
Anne
96.4%
Louis XIV of France and Maria Theresa of Spain
Anne Elisabeth
96.4%
Charles V and Joanna of Bourbon
Joanna
96.4%
Charles VI and Isabeau of Bavaria
Jeanne, Duchess of Brittany
96.3%
Charles VII and Marie of Anjou
Joanna
96.1%
Henry II and Catherine de'Medici
Joan
96.1%
Charles IV and Blanche of Burgundy
Joan
95.2%
Charles IV and Jeanne d'Ev
Jeanne
95.2%
Philip VI and Joan of Burgundy
Joan
95.2%
Philip VI and Joan of Burgundy
Joan
95.2%
Philip VI and Blanche of Navarre
Joan
95.2%
Charles V and Joanna of Bourbon
Joanna
95.2%
Louis VIII and Blanche of Castile
John
95.1%
Louis VIII and Blanche of Castile
John Tristian, Count of Anjou and Maine
95.1%
Louis IX of France and Margaret of Provence
John Tristian, Count of Valois
95.1%
Louis X and Clementia of Hungary
John I, King of France
95.1%
Philip VI and Joan of Burgundy
John
95.1%
Charles VI and Isabeau of Bavaria
John, Dauphin of France
95.1%
Charles VII and Marie of Anjou
John
95.1%
Philip VI and Joan of Burgundy
John II, King of France
95%
Charles VII and Marie of Anjou
Joan, Duchess of Bourbon
95%
Louis VIII and Blanche of Castile
Saint Isabelle of France
94.5%
Louis IX of France and Margaret of Provence
Isabella, Queen of Navarre
94.5%
Philip IV and Joan of Navarre
Isabella, Queen of England
94.5%
Philip V and Joan II, Countess of Burgundy
Isabella, Dauphine of Viennois
94.5%
John II and Bonne of Luxemourg
Isabelle, Duchess of Milan
94.5%
Charles V and Joanna of Bourbon
Isabella
94.5%
Charles VI and Isabeau of Bavaria
Isabella, Queen of England, Duchess of Orléans
94.5%
Charles VII and Marie of Anjou
Isabella
94.5%
Hugh Capet and Adelaide Aquitaine
Robert II, King of France
94.4%
Robert II and Constance of Arles
Robert I, Duke of Brittany
94.4%
Henry I and Anne of Kiev
Robert
94.4%
Louis VI and Adelaide de Maurinne
Robert, Count of Dreux
94.4%
Philip II and Isabella of Hainalt
Robert
94.4%
Louis VIII and Blanche of Castile
Robert, Count of Artois
94.4%
Louis IX of France and Margaret of Provence
Robert, Count of Clermont
94.4%
Philip III and Isabella of Aragon
Robert
94.4%
Philip IV and Joan of Navarre
Robert
94.4%
Robert II and Constance of Arles
Adela of Messines, Duchess of Normandy, Countess of Flanders
94.3%
Louis VII and Constance of Castile
Margaret, Junior Queen of England, Queen of Hungary
94.1%
Louis IX of France and Margaret of Provence
Margaret, Duchess of Brabant
94.1%
Philip III and Marie of Brabant
Margaret, Queen of England
94.1%
Philip IV and Joan of Navarre
Margaret
94.1%
Philip V and Joan II, Countess of Burgundy
Margaret, Countess of Burgundy and Artois
94.1%
John II and Bonne of Luxemourg
Margaret
94.1%
Charles VII and Marie of Anjou
Margaret
94.1%
Francis I and Claude of France
Margaret, Duchess of Savoy
94.1%
Louis X and Margaret of Burgundy
Joan II, Queen of Navarre
93.4%
Philip V and Joan II, Countess of Burgundy
Joan III, Countess of Burgundy and Artois
93.4%
Charles VIII and Anne, Duchess of Brittany
Francis
93.3%
Henry II and Catherine de'Medici
Francis II, King of France
93.3%
Robert II and Constance of Arles
Hugh Mangus, Junior King of France
93.2%
Henry I and Anne of Kiev
Hug, Count of Vermandois
93.2%
Hint
Answer
% Correct
Louis VI and Adelaide de Maurinne
Hughes
93.2%
Louis VIII and Blanche of Castile
Blanche
93.2%
John II and Bonne of Luxemourg
Joan, Queen of Navarre
93%
Philip I and Bertha of Holland
Constance, Countess of Champagne
91.4%
Louis VI and Adelaide de Maurinne
Constance, Countess of Boulogne, Countess of Toulouse
91.4%
Louis IX of France and Margaret of Provence
Blanche
91.3%
Louis IX of France and Margaret of Provence
Blanche, Infanta of Castille
91.3%
Philip III and Marie of Brabant
Blanche, Duchess of Austria
91.3%
Philip IV and Joan of Navarre
Blanche
91.3%
Philip V and Joan II, Countess of Burgundy
Blanche
91.3%
Charles IV and Jeanne d'Ev
Blanche, Duchess of Orléans
91.3%
Henry IV and Marie de'Medici
Elisabeth, Queen of Spain
90.7%
Louis XV and Marie Leszczyńska
Victoire
90.6%
Charles V and Joanna of Bourbon
Catherine, Countess of Montpensier
90.5%
Charles VI and Isabeau of Bavaria
Catherine, Queen of England
90.5%
Charles VII and Marie of Anjou
Catherine
90.5%
Louis XI and Charlotte of Savoy
Louise
90.4%
Francis I and Claude of France
Louise
90.4%
Louis XV and Marie Leszczyńska
Louise Elisabeth, Duchess of Parma
90.4%
Francis I and Claude of France
Charlotte
90.1%
Henry II and Catherine de'Medici
Elizabeth, Queen of Spain
89.9%
Robert II and Constance of Arles
Hedwig (possibly Adivsa), Count of Nevers
89.4%
John II and Bonne of Luxemourg
Catherine
89.2%
Louis XI and Charlotte of Savoy
Francis, Duke of Berry
88.3%
Francis I and Claude of France
Francis, Duke of Brittany
88.1%
Charles VIII and Anne, Duchess of Brittany
Francis, Dauphin of France
87.3%
Louis IX of France and Margaret of Provence
John
86.7%
Louis XII and Anne, Duchess of Brittany
Claude, Duchess of Brittany
86.3%
Henry II and Catherine de'Medici
Claude, Duchess of Lorraine
86.3%
Napoleon Bonaparte and Marie Louise of Austria
Napoleon II
85.3%
Louis VII and Adele of Champagne
Agnes, Byzantine Empress
85%
Louis IX of France and Margaret of Provence
Agnes, Duchess of Burgundy
84.4%
John II and Bonne of Luxemourg
Agnes
84.4%
Henry IV and Marie de'Medici
Henrietta Maria, Queen of England
81.3%
Charles V and Joanna of Bourbon
John
78.7%
Louis XV and Marie Leszczyńska
Sophie, Duchess of Louvois
73%
Louis XVI and Marie Antoinette
Sophie
73%
Charles X and Marie Therese of Savoy
Sophie, Mademoiselle d'Artois
73%
Charles V and Joanna of Bourbon
Bonne
70.9%
Henry II and Catherine de'Medici
Victoire
69.9%
Louis VII and Constance of Castile
Alys, Countess of Pontheiu
68.3%
Louis XIII and Anne of Austria
Philippe, Duke of Orléans
68.1%
Louis XIV of France and Maria Theresa of Spain
Philippe Charles, Duke of Anjou
68.1%
Louis XV and Marie Leszczyńska
Philippe, Duke of Anjou
68.1%
Charles VII and Marie of Anjou
James
66.4%
Hugh Capet and Adelaide Aquitaine
Hedwig, Countess of Hainaut
64.5%
Louis VII and Eleanor of Aquitaine
Alix, Countess of Blois
61.6%
Henry I and Anne of Kiev
Emma
60.2%
Louis VI and Adelaide de Maurinne
Peter I of Courtenay
58%
Louis VI and Adelaide de Maurinne
Peter
56.9%
Louis IX of France and Margaret of Provence
Peter, Count of Perche and Alençon
56.9%
Robert II and Constance of Arles
Odo (possibly Eudes)
55.8%
Henry IV and Marie de'Medici
Gaston, Duke of Orléans
54.2%
Henry IV and Marie de'Medici
Nicolas Henri, Duke of Orléans
53.6%
Henry IV and Marie de'Medici
Christine Marie, Duchess of Savoy
53.5%
Henry II and Catherine de'Medici
Hercules Duke of Alençon and Anjou
53.5%
Charles VII and Marie of Anjou
Yolande, Duchess of Saxony
53.1%
Francis I and Claude of France
Madeleine, Queen of Scotland
51.6%
Louis XII and Anne, Duchess of Brittany
Renée, Duchess of Ferrara
51.4%
Louis VIII and Blanche of Castile
Alphonse
48.1%
Louis VIII and Blanche of Castile
Alphonse, Count of Poitou
48.1%
Charles VI and Isabeau of Bavaria
Michelle, Duchess of Brittany
47.8%
Philip I and Betrade de Monlfort
Cecile, Princess of Galilee, Countess of Tripoli
47.1%
Philip I and Betrade de Monlfort
Fleury, Seigneur of Nangis
46.7%
Hugh Capet and Adelaide Aquitaine
Gisèle, Count of Ponthieu
46.2%
Louis VIII and Blanche of Castile
Stephen
44.7%
Charles VII and Marie of Anjou
Radegonde
42%
Charles VII and Marie of Anjou
Magdalena, Princess of Viana
38.8%
Louis XI and Charlotte of Savoy
Joachim
37.9%
Quiz Playlist
Details
Report
Send in Message
Add To Playlist
More Info:
Starting at the Capetian Dynasty
Classic:
Type in answers that appear in a list
Last Updated: Mar 30, 2023
Quiz Scoreboard
CHALLENGE
Sign Up to Join the Scoreboard
Show All
Scores
Hide
Comments
May contain spoilers
Recently Published
5x2 Blitz: Bands
by SL_Kpop136
Music
30s
Colored Red Africa Blitz
by spor1
Geography
30s
Find the 'City' Movie
by crazypaving
Movies
60s
More to Explore
Quiz From the Vault
Featured Blog Post
14 Easter Pick-up Lines to Find Eggs With
hide this ad
You Might Also Like...
Tags
Baby Names Quiz
Female Monarchs
monarch
Royalty
Today's Top Quizzes in History
Browse History
hide this ad
Today's Top Quizzes in Baby Names
Browse Baby Names
Top Contributed Quizzes in History
1
Popular People in 1991
2
US National Parks Named After People
3
Popular People in 1951
4
Order Up: 1000 Years of World Events I
5
Popular People in 1941
6
Popular People in 1981
7
Popular People in 1986
8
Popular People in 1921
9
Popular People in 1976
10
Magic 10 Blitz: U.S. Presidents
Explore More
Trending Topics
Crossword
Kpop
Disney
NBA
Marvel
Harry Potter
Anime
WWE
Puzzle
Pokémon
Soccer
Country
NFL
Song
The Office
hide this ad
More By:
HopeRebron
Quiz
Plays
Rating
Category
Featured
Created
Children of British Monarchs
5,232
5.00
History
Nov 11, 2014
Children of French Monarchs
3,350
3.83
History
Dec 27, 2014
Popular French Royal Baby Names
2,714
4.32
History
Dec 26, 2014
Children of Spanish Monarchs
1,685
3.00
History
Dec 29, 2014
Children of Russian Monarchs
1,612
4.00
History
Jun 27, 2016
Go to Creator's Profile
Score Distribution
Quiz Creator Spotlight
HopeRebron
Follow
Send a Message
Quizzes Created
-
Created Quiz Play Count
-
More By This Creator
Popular Quizzes Today
1
Colored Red Africa Blitz
2
Find the 'City' Movie
3
Find the US States - No Outlines Minefield
4
5x2 Blitz: Bands
5
The Countries of the World
6
Find the US States
7
US States
8
9x9 Crossword: Cartoon Network
More History Quizzes
Hand-Drawn History IV
Published
Trending Quizzes
Colored Red Europe Blitz I
Colored Red Europe Blitz II
Colored Red Africa Blitz II
Colored Red Europe Blitz III
Colored Red Africa Blitz III
Recently Updated
How Do You Spell That?
pecheneg
Godzilla Movies
pecheneg
Grab Bag: 4-10 Letters
pecheneg
2024 March Madness Bracket
pecheneg
Famous TV Couples
Peacemaker
Champions League XIs: Real Madrid
pecheneg
Largest US Cities 1790-2010
pecheneg
Rides in Walt Disney World
pecheneg
Most Oscar Losses (Acting)
pecheneg
Beyoncé Albums
pecheneg
Trending Topics
Harry Potter
NBA
Anime
Marvel
Crossword
Disney
Kpop
Puzzle
NFL
Pokémon
Song
Country
Soccer
The Office
WWE
Your Account Isn't Verified!
In order to create a playlist on Sporcle, you need to verify the email address you used during registration. Go to your
Sporcle Settings
to finish the process.
Report this User
Report this user for behavior that violates our
Community Guidelines
.
Details:
Send Report
Go to the Sporcle.com Mobile Site →
Comments